| 000 | 00658cab a2200241 4500 | ||
|---|---|---|---|
| 001 | ABS52070 | ||
| 008 | 090401t1995 xxu||||| |||| 00| 0 eng d | ||
| 035 | _a(Sirsi) u58271 | ||
| 041 | _aeng | ||
| 245 | _a1995 time to sober up | ||
| 260 | _c1995 | ||
| 350 | _a0 | ||
| 490 |
_aProperty Week _v50(1) 5 January 1995, 14-17(4) |
||
| 520 | _aSurvey of what major players in the commercial property field feel may happen in 1995. | ||
| 650 | _aCAPITAL VALUES | ||
| 650 | _aFORECASTS | ||
| 650 | _aPROPERTY INDICATORS | ||
| 650 | _aRENTAL VALUES | ||
| 650 | _aYIELDS | ||
| 690 | _aPROPERTY-COMMERCIAL PROPERTY | ||
| 942 | _n0 | ||
| 948 | _c04/03/1997 | ||
| 999 |
_c35557 _d35557 |
||